|
|
|
|
| LEADER |
00000naa0a2200000 4500 |
| 001 |
594340 |
| 005 |
20250205163945.0 |
| 029 |
0 |
0 |
|a SU
|b 1327-ХП-87
|f ОНИИТЭХим
|
| 035 |
|
|
|a (RuTPU)RU\TPU\tpu\8886
|
| 035 |
|
|
|a RU\TPU\tpu\8885
|
| 090 |
|
|
|a 594340
|
| 100 |
|
|
|a 20020617d1987 k y0rusy50 ca
|
| 101 |
0 |
|
|a rus
|
| 102 |
|
|
|a RU
|
| 200 |
1 |
|
|a Выбор оптимальных конструктивных характеристик испарителя прямого электрообогрева с естественной циркуляцией потока
|f М. В. Храменкова, Л. Ю. Ларионова
|
| 300 |
|
|
|a Деп. в ОНИИТЭХим г. Черкассы 09.12.87, № 1327-ХП-87.
|
| 463 |
|
|
|t Материалы научно-практической конференции по химии и химическим технологиям, посвященной 70-летию октября (Томск, 24-28 ноября, 1987 г.)
|o секция "Химии и технологии неорганических веществ"
|v С. 114-117
|d 1987
|
| 610 |
1 |
|
|a труды учёных ТПУ
|
| 700 |
|
1 |
|a Храменкова
|b М. В.
|c ХТФ
|f 1941-
|g Мария Васильевна
|3 (RuTPU)RU\TPU\pers\3483
|
| 701 |
|
1 |
|a Ларионова
|b Л. Ю.
|c ХТФ
|f 1965-
|g Лариса Юрьевна
|3 (RuTPU)RU\TPU\pers\4863
|
| 801 |
|
2 |
|a RU
|b 63413507
|c 20100205
|g PSBO
|
| 942 |
|
|
|c BK
|